01426cam a2200265 a 450000100100000000500170001000800410002702000150006804000250008308200180010810000300012624000760015624501480023226000460038030000210042649000280044753402460047565000550072165000580077670000400083483000340087495201210090895201160102999900150114500000256620200929150220.0800327s1983 ag b 001 f spa  a9500030640 aDO-SdBNPbspacBNPHU a813.009bK65e1 aKlinkowitz, Jerome.9807800aThe practice of fiction in America :witers from hawthome to the present10aEvolución de la narrativa norteamericana :bdesde Hawthorne hasta el presente /cJerome Klinkowitz ; traducción de Carlos Raúl Yujnovsky. aBuenos Aires :bEdiciones Marymar,c1983. a148 p. ;c23 cm.1 aFilosofía y Crítica aTítulo original: The practice of fiction in America: the practique of fiction in America: writers from Hawthorne to the presenttThe practice of fiction in America: the practique of fiction in America: writers from Hawthorne to the present 4aFicción de américaxHistoria y crítica98079 4aLiteratura norteamericanaxHistoria y crítica980801 aYujnovsky, Carlos Raúletr.98081 0aFilosofía y Crítica98082 001052708MOaGRbGRcCTd2009-07-14iLF1l0o813.009 K65ep2566-10r2020-06-25w2020-06-25y2ZPréstamo interno 0010507-18MOaPDbPDcOId2017-03-30iLF1l0o813.009 K65ep2566-20r2020-06-25w2020-06-25y1ZNo se presta c2402d2402